00958nam a22002657a 45000010005000000030006000050050017000110080041000280200018000690400029000870500018001160820010001341000020001442450126001642600048002903000065003385050008004035200108004115210028005195210020005476500031005676500033005986500029006317000032006609091FISKH20251119134431.0251119b cb ||||| |||| 00| 0 eng d a9788120731325 aFISKHbengcFISKHdFISKH a PZ7.L32382 B a363.1 aLarsen, Margie  aBarney says , " play safely " / cWritten by Margie Larsen, M.Ed. and Mary Ann Dudko, Ph.D. : Illustrated by Bill Langley aNew Delhi : bSterling Publishers , c2006. a20 unnumbered pages : bcolor illustrations ;c22 X 22 cm .  aC  aOn a trip to the park, Barney teaches BJ how to safely ride a bicycle and use the playground equipment.8 a90 bLexile estimate 8 aC bRaz-Plus  aChildrenvChildren's Books aPlaygroundvChildren's Books aSafetyvChildren's Books aLandley, BilleIllustrator